[Event "Sao Paulo Carnaval op"]
[Site "Sao Paulo"]
[Date "2018.02.11"]
[Round "4"]
[White "Itagyba, Renan Fortes"]
[Black "Polonio, Rodolfo"]
[Result "1/2-1/2"]
[WhiteElo "1712"]
[BlackElo "1944"]
[PlyCount "50"]
[EventDate "2018.02.10"]
[EventType "swiss"]
[EventRounds "7"]
[EventCountry "BRA"]
[SourceTitle "CBM 183 Extra"]
[Source "ChessBase"]
[SourceDate "2018.04.19"]
[SourceVersion "1"]
[SourceVersionDate "2018.04.19"]
[SourceQuality "1"]

1. e4 c5 2. Nf3 Nc6 3. d4 cxd4 4. Nxd4 g6 5. c4 Nf6 6. Nc3 d6 7. f3 Nxd4 8. Qxd4 Bg7 9. Be3 0-0 10. Qd2 Be6 11. Be2 Qa5 12. 0-0 Rac8 13. b3 a6 14. Rac1 b5 15. Nd5 Qxd2 16. Bxd2 Nxd5 17. cxd5 Bd4+ 18. Kh1 Bd7 19. Rxc8 Rxc8 20. Rc1 Rxc1+ 21. Bxc1 f5 22. Bg5 Kf7 23. g4 fxg4 24. fxg4 e6 25. Kg2 a5 1/2-1/2

[Event "Sao Paulo Carnaval op"]
[Site "Sao Paulo"]
[Date "2018.02.10"]
[Round "2"]
[White "Cadilhac, Igor Tokuichi Kikuc"]
[Black "Polonio, Rodolfo"]
[Result "1-0"]
[WhiteElo "2215"]
[BlackElo "1944"]
[PlyCount "111"]
[EventDate "2018.02.10"]
[EventType "swiss"]
[EventRounds "7"]
[EventCountry "BRA"]
[SourceTitle "CBM 183 Extra"]
[Source "ChessBase"]
[SourceDate "2018.04.19"]
[SourceVersion "1"]
[SourceVersionDate "2018.04.19"]
[SourceQuality "1"]

1. e4 c5 2. Nf3 Nc6 3. Bb5 g6 4. 0-0 Bg7 5. c3 Nf6 6. e5 Nd5 7. d4 cxd4 8. cxd4 0-0 9. Nc3 Nc7 10. Bg5 h6 11. Bh4 Nxb5 12. Nxb5 a6 13. Na3 b5 14. Re1 g5 15. Bg3 e6 16. Nc2 Ne7 17. Ne3 Bb7 18. Qd3 Rc8 19. Nd2 Nd5 20. Nb3 f5 21. exf6 Qxf6 22. Nc5 Bc6 23. Nxd5 exd5 24. Rad1 a5 25. f3 Qf5 26. Be5 Rce8 27. Qxf5 Rxf5 28. Bxg7 Rxe1+ 29. Rxe1 Kxg7 30. Kf2 Kf7 31. Nd3 d6 32. Rc1 Bd7 33. Rc7 Ke6 34. Ra7 a4 35. Ke3 Rf8 36. f4 Rc8 37. f5+ Ke7 38. Nb4 Kd8 39. f6 Rc1 40. Nxd5 Rf1 41. Ra8+ Bc8 42. Ne7 Rxf6 43. Nxc8 Re6+ 44. Kd3 Kc7 45. Na7 Kb6 46. d5 Re5 47. Kd4 Kb7 48. Nc6 Re2 49. Rb8+ Ka6 50. Nb4+ Ka5 51. Nd3 Rxg2 52. Rd8 Rxh2 53. Rxd6 g4 54. a3 b4 55. Nxb4 g3 56. Kc5 1-0

[Event "Florianopolis op 4th"]
[Site "Florianopolis"]
[Date "2018.01.22"]
[Round "5"]
[White "Rodrigues, Edgar"]
[Black "Polonio, Rodolfo"]
[Result "1-0"]
[WhiteElo "2288"]
[BlackElo "1944"]
[PlyCount "111"]
[EventDate "2018.01.19"]
[EventType "swiss"]
[EventRounds "10"]
[EventCountry "BRA"]
[SourceTitle "EXT 2019"]
[Source "ChessBase"]
[SourceDate "2018.10.10"]
[SourceVersion "1"]
[SourceVersionDate "2018.10.10"]
[SourceQuality "1"]

1. e4 c5 2. Nf3 g6 3. d4 cxd4 4. Nxd4 Nc6 5. Nc3 Bg7 6. Be3 Nf6 7. Bc4 0-0 8. Bb3 Re8 9. 0-0 d6 10. h3 Na5 11. Qd2 b6 12. Bh6 Nxb3 13. axb3 Bh8 14. f4 Bb7 15. Qd3 Nd7 16. Rad1 Rc8 17. f5 Ne5 18. Qg3 b5 19. Ndxb5 Ba6 20. Rf2 Rc5 21. Nd4 Bb7 22. Nde2 Qa8 23. Be3 Rc7 24. Qf4 Rf8 25. Ra1 a6 26. Bb6 Rcc8 27. Qe3 Bg7 28. Nf4 Nd7 29. Bd4 Nf6 30. Re1 Rc7 31. fxg6 hxg6 32. Bxf6 exf6 33. Ncd5 Bxd5 34. Nxd5 Rc5 35. b4 Rxd5 36. exd5 Qxd5 37. Rd2 Qc6 38. Qe4 Qb6+ 39. Qd4 Qxd4+ 40. Rxd4 Rc8 41. c3 Rc6 42. Re8+ Bf8 43. Rde4 Kg7 44. Rd8 d5 45. Rxd5 Bd6 46. Re8 f5 47. Kf2 Rb6 48. Kf3 Kf6 49. Ra5 Bb8 50. g3 g5 51. g4 f4 52. Rc5 Kg6 53. Rg8+ Kh7 54. Rcxg5 a5 55. R5g7+ Kh6 56. g5+ 1-0

[Event "Florianopolis op 4th"]
[Site "Florianopolis"]
[Date "2018.01.20"]
[Round "2"]
[White "Polonio, Rodolfo"]
[Black "Silva, Fernando So Barros"]
[Result "1-0"]
[WhiteElo "1944"]
[BlackElo "1780"]
[PlyCount "91"]
[EventDate "2018.01.19"]
[EventType "swiss"]
[EventRounds "10"]
[EventCountry "BRA"]
[SourceTitle "CBM 182 Extra"]
[Source "ChessBase"]
[SourceDate "2018.02.23"]
[SourceVersion "1"]
[SourceVersionDate "2018.02.23"]
[SourceQuality "1"]

1. d4 Nf6 2. c4 e6 3. Nf3 d5 4. Bg5 Bb4+ 5. Nbd2 0-0 6. e3 c5 7. cxd5 exd5 8. dxc5 Re8 9. Be2 Nbd7 10. 0-0 Nxc5 11. Rc1 Ncd7 12. Nb1 h6 13. Bh4 Nb6 14. Nc3 Bxc3 15. Rxc3 g5 16. Bg3 Ne4 17. Rc1 Nxg3 18. hxg3 a6 19. Nd4 Bd7 20. b3 Rc8 21. Qd2 Qe7 22. Qa5 Qd6 23. Bd3 Rxc1 24. Rxc1 Re5 25. Qc3 Qe7 26. Bb1 Nc8 27. Qc2 f5 28. Qd2 Nd6 29. Nf3 Bc6 30. Nxe5 Qxe5 31. Qc3 Qxc3 32. Rxc3 Kf7 33. a4 Ke6 34. f3 Nf7 35. Bd3 Ne5 36. Be2 Kd6 37. f4 Nd7 38. Bd3 Ke6 39. Bxa6 Nf6 40. Bd3 Ng4 41. Bc2 Nf6 42. b4 d4 43. exd4 Nd5 44. Bb3 Bxa4 45. Bxd5+ Kxd5 46. Rc5+ 1-0

[Event "Florianopolis op 4th"]
[Site "Florianopolis"]
[Date "2018.01.20"]
[Round "3"]
[White "Presa, Luis Alberto Passos"]
[Black "Polonio, Rodolfo"]
[Result "1/2-1/2"]
[WhiteElo "1736"]
[BlackElo "1944"]
[PlyCount "44"]
[EventDate "2018.01.19"]
[EventType "swiss"]
[EventRounds "10"]
[EventCountry "BRA"]
[SourceTitle "CBM 182 Extra"]
[Source "ChessBase"]
[SourceDate "2018.02.23"]
[SourceVersion "1"]
[SourceVersionDate "2018.02.23"]
[SourceQuality "1"]

1. d4 Nf6 2. Nf3 c5 3. e3 d5 4. c4 cxd4 5. exd4 e6 6. Nc3 Be7 7. Bd3 dxc4 8. Bxc4 a6 9. 0-0 b5 10. Bd3 Bb7 11. Re1 0-0 12. Bf4 Nbd7 13. Ne4 Nxe4 14. Bxe4 Bxe4 15. Rxe4 Nf6 16. Re2 Rc8 17. Rc2 Qd5 18. b3 Qe4 19. Rxc8 Rxc8 20. Rc1 Rxc1 21. Qxc1 h6 22. h3 Nd5 1/2-1/2

[Event "Sao Paulo op-B U2050 6th"]
[Site "Sao Paulo"]
[Date "2017.04.16"]
[Round "5"]
[White "Polonio, Rodolfo"]
[Black "De Bona, Glauber"]
[Result "0-1"]
[WhiteElo "1947"]
[BlackElo "1990"]
[PlyCount "34"]
[EventDate "2017.04.14"]
[EventType "swiss"]
[EventRounds "6"]
[EventCountry "BRA"]
[SourceTitle "EXT 2019"]
[Source "ChessBase"]
[SourceDate "2018.10.10"]
[SourceVersion "1"]
[SourceVersionDate "2018.10.10"]
[SourceQuality "1"]

1. d4 Nf6 2. c4 e6 3. Nc3 Bb4 4. f3 0-0 5. e4 d5 6. e5 Nfd7 7. cxd5 exd5 8. f4 c5 9. a3 Ba5 10. Nf3 cxd4 11. Nxd4 Nxe5 12. b4 Bb6 13. Be2 Re8 14. Na4 Qh4+ 15. g3 Bxd4 16. gxh4 Nf3+ 17. Kf1 Bh3# 0-1

[Event "Sao Paulo-B U2050 op 5th"]
[Site "Sao Paulo"]
[Date "2016.10.13"]
[Round "1.8"]
[White "Cordeiro da Silva, Felipe"]
[Black "Polonio, Rodolfo"]
[Result "1/2-1/2"]
[WhiteElo "1767"]
[BlackElo "1963"]
[PlyCount "114"]
[EventDate "2016.10.13"]
[EventType "swiss"]
[EventRounds "6"]
[EventCountry "BRA"]
[SourceTitle "EXT 2022"]
[Source "ChessBase"]
[SourceDate "2021.10.06"]
[SourceVersion "1"]
[SourceVersionDate "2021.10.06"]
[SourceQuality "1"]

1. d4 Nf6 2. c4 e6 3. Nf3 Bb4+ 4. Bd2 Qe7 5. a3 Bxd2+ 6. Nbxd2 a5 7. e4 d6 8. Qc2 e5 9. d5 Nbd7 10. Be2 Nc5 11. 0-0 a4 12. h3 0-0 13. Bd3 Nh5 14. b4 axb3 15. Nxb3 Nxb3 16. Qxb3 Nf4 17. Rfe1 b6 18. Bf1 Bd7 19. Kh2 Qf6 20. g3 Ng6 21. Qe3 h6 22. Bg2 Ra4 23. Rac1 Rfa8 24. Rc3 Qd8 25. Qc1 Qc8 26. Bf1 Qb7 27. Nd2 Qa7 28. Ree3 Ne7 29. f4 exf4 30. gxf4 Ng6 31. Rf3 Re8 32. Qe1 f5 33. Qg3 fxe4 34. Rfe3 Bf5 35. h4 Kh7 36. h5 Nf8 37. Bg2 Qb8 38. Nxe4 Ra8 39. Qh4 Qd8 40. Qxd8 Raxd8 41. Ng3 Bb1 42. Bh3 Kg8 43. Ne2 Kf7 44. Nd4 Rxe3 45. Rxe3 Re8 46. Rxe8 Kxe8 47. Nf5 Kf7 48. Nd4 Ke7 49. Nf5+ Kf6 50. Nd4 Ke7 51. Nc6+ Kf6 52. Nd4 Ke7 53. Kg3 Bd3 54. Nf5+ Kf6 55. Ne3 Ke7 56. Bg4 Nd7 57. Bxd7 Kxd7 1/2-1/2

[Event "BRA-ch Amateur U2000"]
[Site "Sao Paulo"]
[Date "2016.05.28"]
[Round "6"]
[White "Rodrigo da Silva, Edson"]
[Black "Polonio, Rodolfo"]
[Result "1-0"]
[WhiteElo "1946"]
[BlackElo "1952"]
[PlyCount "127"]
[EventDate "2016.05.26"]
[EventType "swiss"]
[EventRounds "7"]
[EventCountry "BRA"]
[SourceTitle "EXT 2019"]
[Source "ChessBase"]
[SourceDate "2018.10.10"]
[SourceVersion "1"]
[SourceVersionDate "2018.10.10"]
[SourceQuality "1"]

1. d4 Nf6 2. c4 e6 3. Nc3 Bb4 4. e3 0-0 5. Bd3 c5 6. a3 Bxc3+ 7. bxc3 Nc6 8. Ne2 d6 9. e4 e5 10. d5 Ne7 11. 0-0 Ng6 12. f4 exf4 13. Nxf4 Ne5 14. Ne2 Nfg4 15. h3 Nxd3 16. Qxd3 Ne5 17. Qg3 Qe7 18. Nf4 Nxc4 19. Re1 Bd7 20. Nd3 f6 21. Ra2 Rae8 22. Bf4 Ne5 23. Nxe5 fxe5 24. Be3 Bb5 25. Rf2 Rxf2 26. Bxf2 Rf8 27. Qe3 Bc4 28. Qd2 b5 29. Re3 Qg5 30. Qe1 Qh5 31. Rg3 Rf6 32. Qd2 Rg6 33. Rxg6 Qxg6 34. Qe3 h6 35. Kh2 a5 36. Be1 a4 37. h4 Ba2 38. Qd3 Bc4 39. Qf3 Bb3 40. Qe2 Kh7 41. Kh3 Bc4 42. Qf3 Ba2 43. h5 Qg5 44. Bh4 Qf4 45. Qxf4 exf4 46. Kg4 g5 47. hxg6+ Kxg6 48. Kxf4 Kf7 49. Kf5 Bb1 50. g4 Bc2 51. Bg3 Ke7 52. Bf4 b4 53. cxb4 cxb4 54. axb4 a3 55. Bxh6 a2 56. Bg7 Bd3 57. g5 Kf7 58. Bf6 Bc4 59. g6+ Kf8 60. Ke6 Bd3 61. g7+ Kg8 62. Kxd6 Bxe4 63. b5 Kf7 64. Be5 1-0